[Event "Pilsen Region-chT 2223"]
[Site "Czech Republic"]
[Date "2022.11.27"]
[Round "4.5"]
[White "Danek, Vaclav"]
[Black "Bouse, Vladimir"]
[Result "1-0"]
[WhiteElo "1843"]
[BlackElo "1704"]
[PlyCount "135"]
[EventDate "2022.10.09"]
[EventType "team-tourn"]
[EventRounds "11"]
[EventCountry "CZE"]
[SourceTitle "EXT 2024"]
[Source "ChessBase"]
[SourceDate "2023.10.10"]
[SourceVersion "1"]
[SourceVersionDate "2023.10.10"]
[SourceQuality "1"]
[WhiteTeam "Loko"]
[BlackTeam "Plzen Kosutka"]
[WhiteTeamCountry "CZE"]
[BlackTeamCountry "CZE"]

1. e4 e5 2. Nf3 Nc6 3. Bb5 Nd4 4. Bc4 Nxf3+ 5. Qxf3 Qf6 6. Qe2 d6 7. Nc3 Be6 8. Bxe6 Qxe6 9. Qb5+ Qd7 10. Qxb7 Qc8 11. Qc6+ Kd8 12. Qd5 f6 13. 0-0 Ne7 14. Qf7 Qd7 15. d3 Rb8 16. b3 Nc6 17. Qxd7+ Kxd7 18. Be3 a6 19. Nd5 Nb4 20. Nxb4 Rxb4 21. c3 Rb8 22. f4 Re8 23. f5 Rg8 24. Kh1 g6 25. Rf3 g5 26. Rh3 h6 27. g4 c6 28. c4 Rh8 29. Rc1 c5 30. Bd2 Rb8 31. Rc2 Kc6 32. Rh5 Rb7 33. Kg2 Rbh7 34. Kf3 Be7 35. Be1 Bd8 36. h4 Be7 37. Rh2 Bf8 38. Bd2 Be7 39. hxg5 fxg5 40. Ke2 Bf6 41. Ba5 Kd7 42. Kd1 Bd8 43. Bd2 Bf6 44. Kc2 Kc6 45. a3 Kb6 46. b4 Kc6 47. Kb3 Kb6 48. Ka4 Ka7 49. Be3 Kb6 50. Rb2 Kc6 51. Rbh2 Kb6 52. Kb3 Kc6 53. Kc3 Kb6 54. Rb2 Kc6 55. b5+ axb5 56. cxb5+ Kb6 57. a4 Ra8 58. Ra2 Ra5 59. Kb3 Ra8 60. Bd2 Rd8 61. Kc4 Kb7 62. a5 Ra8 63. Kd5 Kc7 64. b6+ Kd7 65. a6 Rhh8 66. a7 Kc8 67. Kc6 Rh7 68. Rxh6 1-0